Contaminated land (Record no. 81116)

MARC details
000 -LEADER
fixed length control field 01645cab a22003615a 4500
001 - CONTROL NUMBER
control field L146292
008 - FIXED-LENGTH DATA ELEMENTS--GENERAL INFORMATION
fixed length control field 090106s2009 xxk f g 000 0 eng d
035 ## - SYSTEM CONTROL NUMBER
System control number (Sirsi) u146292
041 0# - LANGUAGE CODE
Language code of text/sound track or separate title eng
100 1# - MAIN ENTRY--PERSONAL NAME
Personal name Thornton, Justine
245 00 - TITLE STATEMENT
Title Contaminated land
Remainder of title the latest developments
260 ## - PUBLICATION, DISTRIBUTION, ETC.
Date of publication, distribution, etc. 2009
490 ## - SERIES STATEMENT
Series statement Journal of Planning and Environment Law
Volume/sequential designation Issue 1, 8-23(16)
520 ## - SUMMARY, ETC.
Summary, etc. Article considers some of the more significant cases on contaminated land over the last few years and discusses the issues raised. Clean-up costs, damages, environmental liability and local authorities' powers and duties are among the topics covered, although the author's range is comprehensive.
590 ## - LOCAL NOTE (RLIN)
Local note KA
650 24 - SUBJECT ADDED ENTRY--TOPICAL TERM
Topical term or geographic name entry element LAMBSON FINE CHEMICALS LTD V MERLION CAPITAL HOUSING LIMITED
650 24 - SUBJECT ADDED ENTRY--TOPICAL TERM
Topical term or geographic name entry element PEPPER V HART
650 24 - SUBJECT ADDED ENTRY--TOPICAL TERM
Topical term or geographic name entry element R (NATIONAL GRID GAS PLC (FORMERLY TRANSCO PLC) V ENVIRONMENT AGENCY
650 24 - SUBJECT ADDED ENTRY--TOPICAL TERM
Topical term or geographic name entry element CIRCULAR FACILITIES (LONDON) LTD V SEVENOAKS DC
650 24 - SUBJECT ADDED ENTRY--TOPICAL TERM
Topical term or geographic name entry element CORBY GROUP LITIGATION V CORBY BC
650 24 - SUBJECT ADDED ENTRY--TOPICAL TERM
Topical term or geographic name entry element ENCIA REMEDIATION LTD V CANOPIUS MANAGING AGENTS LTD
650 24 - SUBJECT ADDED ENTRY--TOPICAL TERM
Topical term or geographic name entry element FADAYEVA V RUSSIA
650 24 - SUBJECT ADDED ENTRY--TOPICAL TERM
Topical term or geographic name entry element HANS GAIDA V GERMANY
650 24 - SUBJECT ADDED ENTRY--TOPICAL TERM
Topical term or geographic name entry element HUNTER V CANARY WHARF LTD
650 24 - SUBJECT ADDED ENTRY--TOPICAL TERM
Topical term or geographic name entry element SUTRADHAR V NATURAL ENVIRONMENT RESEARCH COUNCIL
650 24 - SUBJECT ADDED ENTRY--TOPICAL TERM
Topical term or geographic name entry element TRANSCO PLC V STOCKPORT MBC
650 24 - SUBJECT ADDED ENTRY--TOPICAL TERM
Topical term or geographic name entry element YORKSHIRE WATER SERVICES LTD V SUN ALLIANCE AND LONDON INSURANCE PLC
650 24 - SUBJECT ADDED ENTRY--TOPICAL TERM
Topical term or geographic name entry element BOLTON MBC V MUNICIPAL MUTUAL INSURANCE LTD
650 24 - SUBJECT ADDED ENTRY--TOPICAL TERM
Topical term or geographic name entry element BSS FASHION MERCHANDISING V URBAN REGENERATION AGENCY
651 #4 - SUBJECT ADDED ENTRY--GEOGRAPHIC NAME
Geographic name England and Wales
Chronological subdivision 1543-
690 ## - LOCAL SUBJECT ADDED ENTRY--TOPICAL TERM (OCLC, RLIN)
Topical term or geographic name as entry element PROPERTY-RURAL AND NATURAL ASSETS-LAND-CONTAMINATED LAND
942 ## - ADDED ENTRY ELEMENTS (KOHA)
Suppress in OPAC 0
Holdings
Withdrawn status Lost status Source of classification or shelving scheme Damaged status Not for loan Home library Current library Shelving location Date acquired Total Checkouts Full call number Barcode Date last seen Copy number Price effective from Koha item type
    Dewey Decimal Classification     London London Journal article 06/01/2009   L146292 146292-1001 06/08/2019 1 06/08/2019 Journal article